| 000 | 01808cam a22003134a 4500 | ||
|---|---|---|---|
| 999 |
_c29103 _d29074 |
||
| 001 | 17129058 | ||
| 003 | EG-ScBUE | ||
| 005 | 20210426091613.0 | ||
| 008 | 120120s2012 enka f b 001 0 eng d | ||
| 020 | _a9780273738732 | ||
| 040 |
_aDLC _beng _erda _cDLC _dEG-ScBUE |
||
| 082 | 0 | 4 |
_a658.408 _bCAN _222 |
| 100 | 1 |
_aCannon, Tom, _cB. Sc. _eauthor. |
|
| 245 | 1 | 0 |
_aCorporate responsibility : _bgovernance, compliance and ethics in a sustainable environment / _cTom Cannon. |
| 250 | _aSecond edition. | ||
| 264 | 1 |
_aHarlow, England : _bPearson Education Limited, _c2012. |
|
| 300 |
_axviii, 246 pages : _bchiefly illustrations ; _c25 cm |
||
| 336 |
_2rdacontent _atext _btxt |
||
| 337 |
_2rdamedia _aunmediated _bn |
||
| 338 |
_2rdacarrier _avolume _bnc |
||
| 504 | _aIncludes bibliographical references and index. | ||
| 505 | 0 | _aBrief contents -- Preface -- Publisher's acknowledgements -- Corporate social responsibility : the emerging agenda -- The corporate and social/economic challenge -- Defining corporate social responsibility -- The role and function of business in society -- Business ethics -- Codes of behaviour -- The nature and evolution of corporate governance -- Standards, safety and security -- The greening of economies and corporations : the sustainability challenge -- Sustainability : the opportunities and challenges -- Managing a sustainable business -- Embedding csr practice -- The built environment -- Ways forward and conclusions -- Quiz: who said this? (by company) -- Index. | |
| 650 | 7 |
_aSocial responsibility of business. _2BUEsh |
|
| 653 |
_bCOMAME _cApril2021 |
||
| 655 |
_vReading book _934232 |
||
| 906 |
_a7 _bcbc _corignew _d1 _eecip _f20 _gy-gencatlg |
||
| 942 |
_2ddc _cBB |
||